Ministri degli esteri - Statistics

Statistiche generali
  • Questo quiz è stato fatto 30 volte
  • Il punteggio medio è 13 su 45
Statistiche sulle risposte
Anni Ministro % Corretto
1969-1972 Aldo Moro
77%
1973-1974 Aldo Moro
77%
1983-1989 Giulio Andreotti
77%
2019-2021 Luigi Di Maio
77%
1946-1946 Alcide de Gasperi
62%
1951-1953 Alcide de Gasperi
62%
1958-1959 Amintore Fanfani
58%
1965-1968 Amintore Fanfani
58%
2014-2016 Paolo Gentiloni
50%
2016-2018 Angelino Alfano
42%
1960-1962 Antonio Segni
35%
1976-1979 Arnaldo Forlani
35%
1974-1976 Mariano Rumor
35%
2006-2008 Massimo D'Alema
35%
1996-2001 Lamberto Dini
31%
1980-1983 Emilio Colombo
27%
1992-1993 Emilio Colombo
27%
2013-2014 Emma Bonino
27%
2018-2019 Enzo Moavero Milanesi
27%
1953-1954 Giuseppe Pella
27%
1957-1958 Giuseppe Pella
27%
1959-1960 Giuseppe Pella
27%
2002-2004 Franco Frattini
23%
2008-2011 Franco Frattini
23%
1946-1947 Pietro Nenni
23%
1968-1969 Pietro Nenni
23%
1947-1951 Carlo Sforza
19%
2004-2006 Gianfranco Fini
19%
1963-1964 Giuseppe Saragat
19%
2014-2014 Federica Mogherini
15%
1989-1992 Gianni De Michelis
15%
2011-2013 Giulio Terzi di Sant'Agata
15%
1995-1996 Susanna Agnelli
15%
1954-1954 Attilio Piccioni
12%
1962-1963 Attilio Piccioni
12%
1994-1995 Antonio Martino
8%
1993-1994 Beniamino Andreatta
8%
1979-1980 Franco Maria Malfatti
8%
1954-1957 Gaetano Martino
8%
1968-1968 Giuseppe Medici
8%
1972-1973 Giuseppe Medici
8%
2001-2002 Renato Ruggiero
8%
1992-1992 Vincenzo Scotti
8%
1980-1980 Attilio Ruffini
4%
1994-1994 Leopoldo Elia
4%
Nessun quiz corrispondente trovato
Distribuzione punteggi
Percentuale di utenti per punteggio
Percentile per numero di risposta
I tuoi punteggi nel tempo
Non hai fatto questo quiz